¿Qué es el control de calidad? (Registro nro. 2512)

Detalles MARC
000 -LEADER
fixed length control field 01302 a2200241 4500
001 - CONTROL NUMBER
control field 34959
005 - DATE AND TIME OF LATEST TRANSACTION
control field 20260407155634.0
008 - FIXED-LENGTH DATA ELEMENTS--GENERAL INFORMATION
fixed length control field 260407a1995 arg spa d
003 - CONTROL NUMBER IDENTIFIER
control field AR-UNSa-BCEJYS
040 ## - CATALOGING SOURCE
Original cataloging agency AR-UNSa-BCEJYS
Language of cataloging spa
Transcribing agency AR-UNSa-BCEJYS
080 ## - UNIVERSAL DECIMAL CLASSIFICATION NUMBER
Universal Decimal Classification number 658.56
Common auxiliary subdivision Control de la calidad. Control de herramientas y material
020 ## - INTERNATIONAL STANDARD BOOK NUMBER
International Standard Book Number 958-04-0863-7
100 1# - MAIN ENTRY--PERSONAL NAME
Personal name Ishikawa, Kaoru
245 10 - TITLE STATEMENT
Title ¿Qué es el control de calidad?
Name of part/section of a work la modalidad japonesa
264 #1 - PRODUCTION, PUBLICATION, DISTRIBUTION, MANUFACTURE, AND COPYRIGHT NOTICE
Place of production, publication, distribution, manufacture Bogotá :
Name of producer, publisher, distributor, manufacturer Grupo Editorial Norma
Date of production, publication, distribution, manufacture, or copyright notice 1995
300 ## - PHYSICAL DESCRIPTION
Extent 209 p.
Dimensions 23 cm.
505 ## - FORMATTED CONTENTS NOTE
Formatted contents note 1. Mi encuentro con el control de calidad - 2. Características del control de calidad japonés - 3. La esencia del control de calidad - 4. La garantía de calidad - 5. El control total de calidad - 6. El CTC es una revolución conceptual en la gerencia - 7. Qué hacer y qué no hacer en la gerencia alta y media - 8. Actividades de los círculos de CC - 9. Control de calidad para subcontratos y compras - 10. Control de calidad en el mercado: industrias de distribución y servicios - 11. Auditoría de control de calidad - 12. Utilización de métodos estadísticos - Indice
590 ## - LOCAL NOTE (RLIN)
Local note niveau_biblio:m niveau_hierar:0
700 1# - ADDED ENTRY--PERSONAL NAME
Personal name Lu, David J.
700 1# - ADDED ENTRY--PERSONAL NAME
Personal name Cárdenas, Margarita
700 1# - ADDED ENTRY--PERSONAL NAME
Personal name Salazar Marciales, Hugo
942 ## - ADDED ENTRY ELEMENTS (KOHA)
Koha item type
Existencias
Withdrawn status Lost status Damaged status Not for loan Home library Current library Shelving location Date acquired Total checkouts Full call number Barcode Date last seen Price effective from Koha item type Public note
        Biblioteca Prof. Eusebio Cleto del Rey Biblioteca Prof. Eusebio Cleto del Rey   07/04/2026   658.56 I79 L65241 07/04/2026 07/04/2026 Libro  
        Biblioteca Prof. Eusebio Cleto del Rey Biblioteca Prof. Eusebio Cleto del Rey   07/04/2026   658.56 I79 L65240 07/04/2026 07/04/2026 Libro MANCHADO
        Biblioteca Prof. Eusebio Cleto del Rey Biblioteca Prof. Eusebio Cleto del Rey   07/04/2026   658.56 I79 L65242 07/04/2026 07/04/2026 Libro  
        Biblioteca Prof. Eusebio Cleto del Rey Biblioteca Prof. Eusebio Cleto del Rey   07/04/2026   658.56 I79 L65239 07/04/2026 07/04/2026 Libro  
        Biblioteca Prof. Eusebio Cleto del Rey Biblioteca Prof. Eusebio Cleto del Rey   07/04/2026   658.56 I79 L65243 07/04/2026 07/04/2026 Libro  
        Biblioteca Prof. Eusebio Cleto del Rey Biblioteca Prof. Eusebio Cleto del Rey   07/04/2026   658.56 I79 L85561 07/04/2026 07/04/2026 Libro  
        Biblioteca Prof. Eusebio Cleto del Rey Biblioteca Prof. Eusebio Cleto del Rey   07/04/2026   658.56 I79 L85560 07/04/2026 07/04/2026 Libro  
        Biblioteca Prof. Eusebio Cleto del Rey Biblioteca Prof. Eusebio Cleto del Rey   07/04/2026   658.56 I79 L85562 07/04/2026 07/04/2026 Libro  
        Biblioteca Prof. Eusebio Cleto del Rey Biblioteca Prof. Eusebio Cleto del Rey   07/04/2026   658.56 I79 L53944 07/04/2026 07/04/2026 Libro